000 00630nam a22002177a 4500
003 UA-OsUOA
001 63802
007 ta
008 20091019b un ||||| |||| 00| 0 ukr d
090 _a930.25(477)
_bД36
942 _cBK
040 _aUA-OsUOA
_bukr
_cUA-OsUOA
_dUA-OsUOA
245 _aДержавні архіви Української РСР
_bКороткий довідник
300 _a197 с.
955 _a2
041 _aukr
080 _a930.25(477)
260 _aК.
_bНаукова думка
_c1972
650 7 _a930.25 Архівознавство. Архівна справа
_2UDC
999 _c349859
_d349859